00513 2200193 4500001002100000005001500021008004100036020002200077035001900099041000700118082000800125090001600133100003600149245003300185260003500218300002900253500001000282650002700292INLIS00000000000441020241224112915241224||||||||| | ||| |||| || |  a978-979-002-716-9 0010-1224004410 aid0 a636 a636.2 SUD P0 aA.S SUDARMONO Y. BAMBANG SUGENG00aPANDUAN PETERNAK SAPI POTONG aJakartabPenebar Swadayac2017 aiv+140 HAL,; ILU,; 23 CM aCET 2 0aILMU SENI DAN OLAHRAGA